Tilastot visalle Suomen kunnat, joilla on maarajaa naapurimaiden kanssa

Klikkaa tästä pelataksesi tätä visaa!

Yleistilastot

  • Tätä visaa on pelattu 315 kertaa
  • Keskiarvotulos 17 / 26

Vastaustilastot

Answer % Oikein
RuotsiTornio
94%
VenäjäLappeenranta
88%
VenäjäImatra
84%
NorjaUtsjoki
83%
Venäjä ja NorjaInari
83%
Norja ja RuotsiEnontekiö
82%
VenäjäKuusamo
78%
VenäjäSalla
76%
RuotsiYlitornio
74%
RuotsiPello
72%
VenäjäJoensuu
69%
RuotsiKolari
69%
RuotsiMuonio
67%
VenäjäLieksa
66%
VenäjäSavukoski
65%
VenäjäIlomantsi
62%
VenäjäSodankylä
59%
VenäjäKuhmo
57%
VenäjäKitee
56%
VenäjäSuomussalmi
54%
VenäjäVirolahti
46%
VenäjäParikkala
44%
VenäjäRuokolahti
37%
VenäjäMiehikkälä
35%
VenäjäTohmajärvi
33%
VenäjäRautjärvi
28%

Tulosjakauma

Persentiili vastausten määrän mukaan

Jokaisen tuloksen saaneiden osuus

Tuloshistoriasi

Et ole pelannut tätä visaa